| Tag |
First Indicator |
Second Indicator |
Subfields |
| LEADER |
00000cam a2200000 a 4500 |
| 001 |
in00000511221 |
| 005 |
20151013072219.0 |
| 008 |
810709s1981 cauac b 00010 eng d |
| 020 |
|
|
|a 0916374459
|
| 035 |
|
|
|a (OCoLC)07568034
|
| 035 |
|
|
|9 ACE3477AM
|
| 040 |
|
|
|a WIH
|c WIH
|d CUT
|d OCL
|d TXA
|d UtOrBLW
|
| 049 |
|
|
|a TXAM
|c [1275106]
|
| 090 |
|
|
|a TR654
|b .B722 1981
|
| 100 |
1 |
|
|a Bradley, Bill
|c (Of the Los Angeles County Economic Commission)
|
| 245 |
1 |
0 |
|a Commercial Los Angeles, 1925-1947 :
|b photographs from the "Dick" Whittington Studio /
|c compiled by Bill Bradley.
|
| 264 |
|
1 |
|a Glendale, Calif. :
|b Interurban Press,
|c 1981.
|
| 300 |
|
|
|a 139 unnumbered pages :
|b illustrations, portraits ;
|c 28 cm.
|
| 336 |
|
|
|a text
|b txt
|2 rdacontent
|
| 337 |
|
|
|a unmediated
|b n
|2 rdamedia
|
| 338 |
|
|
|a volume
|b nc
|2 rdacarrier
|
| 504 |
|
|
|a Bibliography: page [139].
|
| 610 |
2 |
0 |
|a Dick Whittington Studio.
|
| 650 |
|
0 |
|a Photography
|z California
|z Los Angeles.
|
| 650 |
|
0 |
|a Commercial photography.
|
| 651 |
|
0 |
|a Los Angeles (Calif.)
|x History
|x Pictorial works.
|
| 710 |
2 |
|
|a Dick Whittington Studio.
|
| 999 |
|
|
|a MARS
|
| 999 |
f |
f |
|s 2f07dc6e-ced3-30b0-9162-607bc9b295f5
|i 5a3b81c2-f6df-3e92-be22-10582218cd57
|t 0
|
| 952 |
f |
f |
|p ric
|a Texas A&M University
|b Rellis Campus
|c Joint Library Facility
|d Remote Storage
|t 0
|e TR654 .B722 1981
|h Library of Congress classification
|i unmediated -- volume
|m A14807863553
|
| 998 |
f |
f |
|a TR654 .B722 1981
|t 0
|l Remote Storage
|